A dictionary of modern political idiom : English-French-Arabic = (Record no. 22632)
[ view plain ]
| 000 -LEADER | |
|---|---|
| fixed length control field | 01687cam a22003735a 4500 |
| 001 - CONTROL NUMBER | |
| control field | 2297387 |
| 005 - DATE AND TIME OF LATEST TRANSACTION | |
| control field | 20201124142518.0 |
| 008 - FIXED-LENGTH DATA ELEMENTS--GENERAL INFORMATION | |
| fixed length control field | 790912s2008 le frbd 001 0 mul d |
| 010 ## - LIBRARY OF CONGRESS CONTROL NUMBER | |
| LC control number | 79960201 |
| 020 ## - INTERNATIONAL STANDARD BOOK NUMBER | |
| Terms of availability | 9789953860572 |
| 020 ## - INTERNATIONAL STANDARD BOOK NUMBER | |
| Terms of availability | 9953860572 |
| 040 ## - CATALOGING SOURCE | |
| Original cataloging agency | DLC |
| Language of cataloging | eng |
| Transcribing agency | DLC |
| Modifying agency | DLC |
| -- | EG-ScBUE |
| 041 0# - LANGUAGE CODE | |
| Language code of text/sound track or separate title | eng |
| -- | fre |
| -- | ara |
| 082 04 - DEWEY DECIMAL CLASSIFICATION NUMBER | |
| Classification number | 320.03 |
| Item number | WAH |
| Edition number | 22 |
| 245 12 - TITLE STATEMENT | |
| Title | A dictionary of modern political idiom : English-French-Arabic = |
| Remainder of title | Dictionnaire de phraseologie politique moderne : Anglais-Francais-Arabe = معجم العبارات السياسية الحديثة : انجليزي - فرنسي - عربي ؛ مع مسرد للألفاظ الفرنسية والعربية الدالة / |
| Statement of responsibility, etc | Magdi Wahba, Wagdi Rizk Ghali. |
| 246 31 - VARYING FORM OF TITLE | |
| Title proper/short title | Dictionnaire de phraseologie politique moderne : Anglais-Francais-Arabe |
| 246 31 - VARYING FORM OF TITLE | |
| Title proper/short title | معجم العبارات السياسية الحديثة : انجليزي - فرنسي - عربي |
| 250 ## - EDITION STATEMENT | |
| Edition statement | 1st impression. |
| 260 ## - PUBLICATION, DISTRIBUTION, ETC. (IMPRINT) | |
| Place of publication, distribution, etc | Beirut : |
| Name of publisher, distributor, etc | Librairie du Liban / Lebanon library, |
| Date of publication, distribution, etc | 2008. |
| 300 ## - PHYSICAL DESCRIPTION | |
| Extent | 747 p. ; |
| Dimensions | 25 cm. |
| 500 ## - GENERAL NOTE | |
| General note | Includes indexes. |
| 504 ## - BIBLIOGRAPHY, ETC. NOTE | |
| Bibliography, etc | Bibliography : p. [658]-660. |
| 546 ## - LANGUAGE NOTE | |
| Language note | Text in English, French and Arabic. |
| 650 #0 - SUBJECT ADDED ENTRY--TOPICAL TERM | |
| Topical term or geographic name as entry element | Political science |
| General subdivision | Dictionaries |
| -- | Polyglot. |
| Source of heading or term | BUEsh |
| 650 #0 - SUBJECT ADDED ENTRY--TOPICAL TERM | |
| Topical term or geographic name as entry element | Dictionaries, Polyglot. |
| Source of heading or term | BUEsh |
| 9 (RLIN) | 8436 |
| 650 #0 - SUBJECT ADDED ENTRY--TOPICAL TERM | |
| Topical term or geographic name as entry element | English language |
| General subdivision | Dictionaries |
| -- | Polyglot. |
| Source of heading or term | BUEsh |
| 650 #0 - SUBJECT ADDED ENTRY--TOPICAL TERM | |
| Topical term or geographic name as entry element | French language |
| General subdivision | Dictionaries |
| -- | Polyglot. |
| Source of heading or term | BUEsh |
| 650 #0 - SUBJECT ADDED ENTRY--TOPICAL TERM | |
| Topical term or geographic name as entry element | Arabic language |
| General subdivision | Dictionaries |
| -- | Polyglot. |
| Source of heading or term | BUEsh |
| 651 ## - SUBJECT ADDED ENTRY--GEOGRAPHIC NAME | |
| Source of heading or term | BUEsh |
| 653 ## - INDEX TERM--UNCONTROLLED | |
| Resource For college | |
| -- | Humanities: English |
| -- | BAEPS, Political Science |
| Arrived date list | October2016 |
| 700 1# - ADDED ENTRY--PERSONAL NAME | |
| Personal name | Ghali, Wagdi Rizk. |
| 906 ## - LOCAL DATA ELEMENT F, LDF (RLIN) | |
| a | 7 |
| b | cbc |
| c | orignew |
| d | 3 |
| e | ncip |
| f | 19 |
| g | y-gencatlg |
| 942 ## - ADDED ENTRY ELEMENTS (KOHA) | |
| Source of classification or shelving scheme | Dewey Decimal Classification |
| Withdrawn status | Item status | Source of classification or shelving scheme | Damaged status | Not for loan | Vendor | Home library | Current library | Shelving location | Date acquired | Source of acquisition | Cost, normal purchase price | Serial Enumeration / chronology | Total Checkouts | Full call number | Barcode | Date last seen | Cost, replacement price | Koha item type |
|---|---|---|---|---|---|---|---|---|---|---|---|---|---|---|---|---|---|---|
| Dewey Decimal Classification | Academic Bookshop | Central Library | Central Library | Ground Floor | 17/10/2016 | Purchase | 160.00 | 9119 | 320.03 WAH | 000034120 | 15/07/2025 | 200.00 | Reference (NB) |